000 00582nam a2200229Ia 4500
003 OSt
005 20220926035827.0
006 a|||||r|||| 00| 0
007 ta
008 220923b |||||||| |||| 00| 0 eng d
037 _cGeneral Book
040 _aRTL
_cRTL
_beng
041 _2eng
_aeng
082 _aX64::3124:N3, G5
100 _aVallance Aylmer
_9342809
245 0 _aCentre of the world
260 _c1935
300 _a245p
_ccm.
650 _aMoney Markets
942 _hX64::3124:N3, G5
_cGB
_2CC
999 _c663151
_d663151